Los fueros de Cataluña: descripción comentada de la constitución histórica del principado, sus instituciones políticas y adminsitrativas y sus libertades tradicionales, con la relación de muchas revoluciones, escenas y anécdotas curiosas, palabras y hechos notables de catalanes ilustres y el estudio comparativo de esta constitución parangonada con las de todas las naciones inclusas las forales de Navarra y las provincias vascongadas

Gardado en:
Detalles Bibliográficos
Main Authors: Coroleu, José (Author), Pella y Forgas. José (Author)
Formato: Libro
Idioma:Lingua castelá
Publicado: Barcelona San Pablo 1878
Subjects:
Tags: Engadir etiqueta
Sen Etiquetas, Sexa o primeiro en etiquetar este rexistro!

MARC

LEADER 00000nam a2200000 a 4500
001 UCH9135
003 CL-VaPUC
008 091224e18780000SP |||||||||||||||||spa|d
082 0 4 |a 340.0946  |b COR  |2 21 
100 0 |a Coroleu, José  |e author  |9 546038 
700 0 |a Pella y Forgas. José  |e author  |9 546039 
245 1 4 |a Los fueros de Cataluña: descripción comentada de la constitución histórica del principado, sus instituciones políticas y adminsitrativas y sus libertades tradicionales, con la relación de muchas revoluciones, escenas y anécdotas curiosas, palabras y hechos notables de catalanes ilustres y el estudio comparativo de esta constitución parangonada con las de todas las naciones inclusas las forales de Navarra y las provincias vascongadas 
300 |a 770 p 
942 |c BK 
945 |d 20091224 00:00:00  |a rbrito 
260 |a Barcelona  |b San Pablo  |c 1878 
650 7 |a DERECHO ESPAÑOL ANTIGUO  |2 CL-VaPUC  |9 546040 
650 7 |a CONSTITUCION POLITICA DE CATALUÑA  |2 CL-VaPUC  |9 546041 
651 7 |a CATALUÑA  |2 CL-VaPUC  |9 331857 
651 0 |a España  |9 254926 
583 |a last modification  |c 20091224 00:00:00  |k Rodrigo Vera 
999 |c 339196  |d 339194 
952 |0 0  |1 0  |4 0  |6 340_094600000000000_COR_1878  |7 0  |8 X  |9 432677  |a FDOBUD  |b FDOBUD  |d 2019-11-22  |i 4624246  |o 340.0946 COR 1878  |p 4624246  |r 2019-11-22  |w 2019-11-22  |y BK_X  |k BUD